• 首页
  • 本馆介绍
  • 公告通知
  • 最新文献
  • 馆藏检索
  • 电子资源
  • 读者导购
  • 参考咨询
  • 我的图书馆
  • 登录
  • 详细信息显示
  • 放入我的书架
  • 预约/预借图书
  • 作者相关作品
  • 分类相关作品
  • 丛书相关作品
  • 出版社相关作品

书目信息

  • 表格格式
  • 工作单格式
  • 卡片格式
题名:
世界地图册
    
 
作者: 周敏 主编
分册:  
出版信息: 北京   中国地图出版社  1998
页数: 56页
开本: 19cm
丛书名:
单 册:
中图分类: K991
科图分类:
主题词: 世界地图--地图集
电子资源:
ISBN: 7-5031-2140-8
000 00559nam0 2200205 45
001 0401190749
005 20040119083740.8
010    @a7-5031-2140-8@b精装@dCNY16.00
100    @a20040119d1998 km y0chiy0120 ea
101 0  @achi
105    @ab z 000yy
200 1  @a世界地图册@AShi Jie Di Tu Ce@f周敏主编@FZhou Min Zhu Bian
205    @a2版
210    @a北京@c中国地图出版社@d1998
215    @a56页@c地图@d19cm
606 0  @a世界地图@x地图集
690    @aK991@v4
701  0 @a周敏@4主编
801    @aCN@bTSTCL@c20040119
905    @b331742-745@dK991@e51=2@f4
    
    世界地图册/周敏主编.-2版.-北京:中国地图出版社,1998
    56页:地图;19cm
    
    
    ISBN 7-5031-2140-8(精装):CNY16.00
    
●
相关链接 在E读中查询图书 在五车中查询图书 在当当中查询图书 在豆瓣中查询图书


正题名:世界地图册     索取号:K991/51=2         预约/预借

序号 登录号 条形码 馆藏地/架位号 状态 备注
1 0331742   203317428   第二借阅区/ [索取号:K991/51=2] 在馆    
2 0331743   203317437   第二借阅区/ [索取号:K991/51=2] 在馆    
3 0331744   203317446   第二借阅区/ [索取号:K991/51=2] 在馆    
4 0331745   203317455   第二样本阅览室/ [索取号:K991/51=2] 在馆    
唐山师范学院图书馆 欢迎您!
大连网信软件有限公司© 版权所有